Nieuznawane państwa i terytoria świata - Nagła Śmierć - Statystyki

Ogólne statystyki
  • Ten quiz został rozwiązany 2 965 razy
    2 963 od ostatniego zresetowania
  • Średni wynik to 11 z 16
Answers on the Grid
Answers color-coded by a green-red scale on the quiz's grid according to % correct below.
Watykan
Palestyna
Kosowo
Sahara Zachodnia
Tajwan
Grenlandia
Somaliland
Bahamy
Cypr Północny
Hong Kong
Gibraltar
Falklandy
Andora
Saint Vincent i Grenadyny
Saint Pierre i Miquelon
Saint Lucia
Saint Barthélemy
Samoa
Wyspy Owcze
Wyspy Salomona
Nauru
Niue
Anguilla
Singapur
Wyspy Kokosowe
Togo
Tokelau
Tonga
Naddniestrze
Burundi
Monako
Timor Wschodni
 
Statystyki odpowiedzi
Odpowiedź % Poprawnych
Cypr Północny
74%
Naddniestrze
74%
Palestyna
71%
Sahara Zachodnia
71%
Falklandy
70%
Somaliland
69%
Wyspy Kokosowe
66%
Hong Kong
65%
Niue
63%
Saint Barthélemy
63%
Gibraltar
62%
Grenlandia
62%
Saint Pierre i Miquelon
62%
Tokelau
62%
Wyspy Owcze
61%
Anguilla
58%
Nie znaleziono quizów pasujących do podanych kryteriów
Rozkład punktacji
Procent ludzi z każdym wynikiem
Percentyl według liczby udzielonych odpowiedzi
Twoja historia wyników
Nie rozwiązałeś tego quizu od ostatniego zresetowania